Vocabulaire Japonais - Statistiques

Statistiques générales
  • Ce quiz a été pris 74 fois
  • Le résultat moyen est 28 sur 105
Statistiques - réponses
Français Japonais
(Romanji)
% Correct
sushi sushi
87%
racine nekko
84%
chat neko
84%
fleur hana
78%
amour ai
73%
rouge aka
71%
manger taberu
71%
maison ie
67%
Boire nomu
58%
monde sekai
58%
parapluie kasa
56%
rêve yume
53%
matin asa
51%
mourrir shinu
49%
carpe koi
47%
grand-mère obaasan
47%
papier ; cheveux kami
44%
visage kao
44%
écouter kiku
44%
là-bas asoko
40%
dimanche nichiyobi
40%
automne aki
38%
étoile hoshi
38%
voix koe
38%
grand-père ojiisan
38%
dessus ue
38%
comprendre wakaru
38%
lundi getsuyobi
36%
cent hyaku
36%
jeudi mokuyobi
36%
tante obasan
36%
oncle ojisan
36%
nuit yoru
36%
rencontrer au
33%
samedi doyobi
33%
vendredi kinyobi
33%
ville machi
33%
lire yomu
33%
écrire kaku
31%
jaune kiiro
31%
dehors soto
31%
mercredi suiyobi
31%
travailler hataraku
29%
pied ashi
27%
attendre matsu
27%
colline oka
27%
rire warau
27%
pont hashi
24%
son oto
24%
âge toshi
24%
oui (familer) un
24%
hôpital byouin
22%
bateau fune
22%
saison kisetsu
22%
aide tasuke
22%
trou ana
20%
magasin mise
20%
étang ike
18%
quelque chose nanika
18%
année prochaine rainen
18%
gâteau de riz mochi
16%
poitrine mune
16%
non (familier) uun
16%
os hone
13%
aller itte
13%
goût aji
11%
ensoleillé hare
11%
écouté kiite
11%
Faites attention ! kiwotsukete
11%
fille musume
11%
histoire rekishi
11%
4 jours yokka
11%
fourmi ari
9%
venir kite
9%
couper kitte
9%
eau chaude oyu
9%
8 jours youka
9%
réservation yoyaku
9%
salon de coiffure biyouin
7%
feuille konoha
7%
écrivain saaka
7%
pente saka
7%
terrain tochi
7%
honte haji
4%
tombe haka
4%
aiguille hari
4%
maladroit heta
4%
bond hiyaku
4%
mardi kaiyobi
4%
4h 45m yojiyonjugofun
4%
métro chikatestu
2%
prospérité han ei
2%
nombril heso
2%
peau hifu
2%
rester ite
2%
une seule main katate
2%
brouillard moya
2%
mari ooto
2%
sarcasme hiniku
0%
se reveiller me wo samasu
0%
tissu nuno
0%
réponse outu
0%
théorie riron
0%
psychologie shinri
0%
Aucun quiz correspondant
Distribution des résultats
% des personnes avec chaque résultat
Percentile par nombre de réponses
Votre historique - résultats
Vous n’avez pas pris ce quiz